Top 10 Most Populous Landlocked U.S. States - Statistics

General Stats
  • This quiz has been taken 146 times
  • The average score is 7 of 10
Answer Stats
Population State % Correct
6,910,840 Tennessee
83%
5,773,714 Colorado
81%
11,799,448 Ohio
81%
12,812,508 Illinois
79%
6,154,913 Missouri
74%
7,151,502 Arizona
71%
10,077,331 Michigan
71%
6,785,528 Indiana
70%
13,002,700 Pennsylvania
66%
5,893,718 Wisconsin
55%
No matching quizzes found
Score Distribution
Percent of People with Each Score
Percentile by Number Answered
Your Score History
You have not taken this quiz